000 00400nam a2200157Ia 4500
005 20240710014044.0
008 240331s9999 xx 000 0 und d
020 _a
082 _a100
_bCHA
100 _aChaitanya, K
245 0 _aFreedom and transcendence
_cKrishna Chaitanya
260 _aNew Delhi
_bManohar Publications
_c1982
300 _axii, 547 p .,
650 _aPhilosophy
942 _cL
999 _c680
_d680